| 000 | 00406nam a22001697a 4500 | ||
|---|---|---|---|
| 005 | 20251108175315.0 | ||
| 008 | 250721s1994 xx 000 0 eng d | ||
| 082 | 1 | 4 | _aJ/F/WAR |
| 100 | 1 | _award, Dorys | |
| 245 | 1 | 0 | _aMikes Oil patch / |
| 264 |
_bEAKIN PRESS, _c1994. |
||
| 300 | _a89P. | ||
| 650 | 1 | 7 | _aFICTION |
| 653 | _aناشئون كبار (15-18)سنة | ||
| 942 |
_2ddc _cBK |
||
| 999 |
_c131077 _d131077 |
||